Historia de la revelación IV-VII desde el destierro a los Macabeos

Uloženo v:
Podrobná bibliografie
Hlavní autor: Prado, Juan (Autor)
Médium: Kniha
Jazyk:španělština
Vydáno: Madrid El Perpetuo Socorro 1960
Témata:
Tagy: Přidat tag
Žádné tagy, Buďte první, kdo vytvoří štítek k tomuto záznamu!

MARC

LEADER 00000cam a2200000 a 4500
001 UCD1157
003 CL-VaPUC
008 160107e19600000sp |||||||||||||||||spa|d
082 0 4 |a 231.74  |b PRA  |2 21 
100 0 |a Prado, Juan  |e author  |9 584249 
245 1 0 |a Historia de la revelación IV-VII desde el destierro a los Macabeos 
300 |a 1008 p 
942 |c BK 
945 |d 20160107 17:53:00  |a gsalatino 
260 |a Madrid  |b El Perpetuo Socorro  |c 1960 
650 0 |a Salvación  |9 315007 
650 7 |a REVELACIONES  |2 CL-VaPUC  |9 399206 
650 0 |a Textos sagrados   |9 257605 
650 7 |a MACABEOS  |2 CL-VaPUC  |9 485758 
650 0 |a Biblia  |9 257603 
583 |a last modification  |c 20160107 17:53:00  |k Rodrigo Vera 
999 |c 362571  |d 362569 
952 |0 0  |1 0  |3 erb  |4 0  |6 231_740000000000000_PRA_1960  |7 0  |8 P  |9 473875  |a BIBTEO  |b BIBTES  |c TEO_FTES  |i 5276136  |o 231.74 PRA 1960  |p 5276136  |r 2024-01-18  |w 2019-11-24  |y BK  |z Catalogado en:20160107  |k ICR